Bibliografía marítima chilena. 1840-1894
Uloženo v:
| Hlavní autor: | |
|---|---|
| Médium: | Kniha |
| Jazyk: | španělština |
| Vydáno: |
Santiago
Imprenta Cervantes
1894
|
| Vydání: | 1a. ed |
| Témata: | |
| Tagy: |
Přidat tag
Žádné tagy, Buďte první, kdo vytvoří štítek k tomuto záznamu!
|
MARC
| LEADER | 00000nam a2200000 a 4500 | ||
|---|---|---|---|
| 001 | UCJ7211 | ||
| 003 | CL-VaPUC | ||
| 005 | 20250227100137.0 | ||
| 008 | 070124e18940000CL |||||||||||||||||spa|d | ||
| 999 | |c 323307 |d 323305 | ||
| 040 | |c Pontificia Universidad Católica de Valparaíso | ||
| 082 | 0 | 4 | |a 027 |b ANR |2 21 |
| 100 | |a Anrique R., Nicolás |e author |9 505650 | ||
| 245 | 1 | 0 | |a Bibliografía marítima chilena. 1840-1894 |
| 250 | |a 1a. ed | ||
| 260 | |a Santiago |b Imprenta Cervantes |c 1894 | ||
| 300 | |a 201 p | ||
| 500 | |a Interesante libro que no se queda sólo en lo bibliográfico, sino que complementa dicha información con interesantes datos afines a la cosa marítima chilena, v. gr.: biografías, derrotas, relación de naves, etc.- | ||
| 583 | |a last modification |c 20070124 00:00:00 |k Rodrigo Vera | ||
| 600 | 0 | 7 | |a FEUILLEE, LUIS |2 CL-VaPUC |9 515350 |
| 600 | 0 | 7 | |a Moesta, Carlos Guillermo, |d 1825- 1880 |9 866499 |
| 600 | 0 | 7 | |a FREZIER, AMADEO |2 CL-VaPUC |9 515352 |
| 600 | 0 | 7 | |a FITZ ROY, ROBERTO |2 CL-VaPUC |9 509032 |
| 600 | 0 | |a Armada de Chile |9 340497 | |
| 650 | 7 | |a BIBLIOGRAFIA |2 CL-VaPUC |9 256175 | |
| 650 | 7 | |a HIDROGRAFIA |2 CL-VaPUC |9 261115 | |
| 650 | 0 | |a Viajes |9 257115 | |
| 650 | 0 | |a Expediciones científicas |9 265222 | |
| 650 | 7 | |a NAVES CHILENAS |2 CL-VaPUC |9 509351 | |
| 650 | 7 | |a DIRECTORIO MARITIMO |2 CL-VaPUC |9 515353 | |
| 650 | 7 | |a DIARIOS Y REVISTAS |2 CL-VaPUC |9 504436 | |
| 942 | |c BK |2 ddc | ||
| 945 | |d 20070124 00:00:00 |a rinostro | ||
| 952 | |0 0 |1 0 |4 0 |6 027_000000000000000_ANR_1894 |7 0 |8 X |9 402806 |a FDOBUD |b FDOBUD |d 2019-11-22 |i 1013629 |o 027 ANR 1894 |p 1013629 |r 2019-11-22 |w 2019-11-22 |y BK_X |k BUD | ||